| 000 | 00483nam a22001457a 4500 | ||
|---|---|---|---|
| 008 | 100509s2005 alu|||||s|||| 000 0 eng d | ||
| 020 | _a0471783897 | ||
| 082 |
_222 _a624 _bHOL |
||
| 100 |
_913844 _aHolley, Paul W. |
||
| 245 |
_aSurveying & Layout. Fundamentals for Construction/ _cPaul W Holley |
||
| 260 |
_aAuburn, Ala. : _bConstructEd , 2005. _c2005 |
||
| 300 |
_a1 videodisc (DVD) (150 min.) : _bsd., col. ; _c4 3/4 in. |
||
| 650 |
_913845 _aCivil engineering |
||
| 942 |
_2ddc _cDVD |
||
| 999 |
_c13968 _d13968 |
||